01026nam a22002057a 4500008004100000020002200041040000800063050001800071100002900089245007700118250001000195260003100205300001800236337001000254338001400264440003600278500006800314505039800382650004000780150112t20092014mx ado|d |||| 00| 0 spa d a978-607-438-713-1 dRDA aG128 G37 201310aGARCIA López, Yahir G.10aGeografía b: Una Visión de tu Espacioc/ Yahir G. García López  a2a ed aMéxicob: PATRIAc, 2014 a238 páginas atexto asin medio aserie integral por competencias aPREPARATORIA UIN GEOGRAFIA (501) 14 005709 14 005710 14 005711  aAplicas las geografía como ciencia mixta Explicas las condiciones astronómicas del planeta Analizas la dinámica de la litosfera Describe las distribución e importancia de las aguas terrestes Analizas las conformacion de la atmosfera y el clima Estableces la importancia de las regiones y recursos naturales Analizas la estructura y desarrollo económico y político de la población10aGEOGRAFÍA vESTUDIO Y ENSEÑANZA